UBT Library

Accounting the Managerial Chapters (Record no. 57119)

000 -LEADER
fixed length control field 00338nam a22001457a 4500
008 - FIXED-LENGTH DATA ELEMENTS--GENERAL INFORMATION
fixed length control field 210507b ||||| |||| 00| 0 eng d
020 ## - INTERNATIONAL STANDARD BOOK NUMBER
International Standard Book Number 9780133851151
041 ## - LANGUAGE CODE
Language code of text/sound track or separate title eng
080 ## - UNIVERSAL DECIMAL CLASSIFICATION NUMBER
Edition identifier 11th
Universal Decimal Classification number 004
082 ## - DEWEY DECIMAL CLASSIFICATION NUMBER
Classification number 004
100 ## - Rafti
Rafti 28
101 ## - Shkurtesa
Shkurtesa SHKI
245 ## - TITLE STATEMENT
Title Accounting the Managerial Chapters
Statement of responsibility, etc Tracie M. Nobels
942 ## - ADDED ENTRY ELEMENTS (KOHA)
Source of classification or shelving scheme
Item type Books
Holdings
Withdrawn status Lost status Source of classification or shelving scheme Damaged status Not for loan Collection code Permanent location Current location Shelving location Date acquired Total Checkouts Full call number Barcode Date last seen Price effective from Koha item type
          Koleksioni i përgjithshem UBT - Lipjan UBT - Lipjan Koleksioni i përgjithshem 05/07/2021   004 NOB 002-5000492 05/07/2021 05/07/2021 Books
UBT Library © 2015-2024. All rights reserved University Education for Business and Technology